Statistics for FIFA 21 Top 10 Centre Forwards

Click here to take the quiz!

General Stats

  • This quiz has been taken 27 times
  • The average score is 2 of 10

Answer Stats

HintAnswer% Correct
89Karim Benzema
86%
88Paulo Dybala
50%
87Roberto Firmino
50%
85Memphis Depay
23%
81Joao Felix
18%
85Dries Mertens
9%
83Dusan Tadic
9%
81Franck Ribery
0%
81Joaquin Correa
0%
84Josip Ilicic
0%

Score Distribution

Percentile by Number Answered

Percent of People with Each Score

Your Score History

You have not taken this quiz